Which of the following are BSA merit badges? Quiz Stats

 Plays Quiz not verified by Sporcle

Support Sporcle.
Go Orange.
Score 0/138 Timer 08:00
0 Plays Today
% Correct
???
52.4%
???
52.4%
???
50%
???
50%
???
47.6%
???
47.6%
???
47.6%
???
47.6%
???
45.2%
???
45.2%
???
45.2%
???
45.2%
???
45.2%
???
45.2%
???
45.2%
???
45.2%
???
45.2%
???
45.2%
???
42.9%
???
42.9%
???
42.9%
???
42.9%
???
42.9%
???
42.9%
???
40.5%
???
40.5%
???
40.5%
???
40.5%
???
40.5%
???
40.5%
???
40.5%
???
40.5%
???
40.5%
???
40.5%
???
40.5%
???
38.1%
???
38.1%
???
38.1%
???
38.1%
???
38.1%
???
38.1%
???
38.1%
???
38.1%
???
38.1%
???
38.1%
???
38.1%
% Correct
???
38.1%
???
35.7%
???
35.7%
???
35.7%
???
35.7%
???
35.7%
???
35.7%
???
35.7%
???
35.7%
???
35.7%
???
35.7%
???
35.7%
???
35.7%
???
35.7%
???
35.7%
???
35.7%
???
35.7%
???
35.7%
???
33.3%
???
33.3%
???
33.3%
???
33.3%
???
33.3%
???
33.3%
???
33.3%
???
33.3%
???
33.3%
???
33.3%
???
33.3%
???
33.3%
???
33.3%
???
33.3%
???
33.3%
???
33.3%
???
33.3%
???
33.3%
???
33.3%
???
33.3%
???
33.3%
???
31%
???
31%
???
31%
???
31%
???
31%
???
31%
???
31%
% Correct
???
31%
???
31%
???
31%
???
31%
???
31%
???
31%
???
31%
???
31%
???
31%
???
28.6%
???
28.6%
???
28.6%
???
28.6%
???
28.6%
???
28.6%
???
28.6%
???
26.2%
???
26.2%
???
26.2%
???
26.2%
???
26.2%
???
26.2%
???
26.2%
???
26.2%
???
26.2%
???
26.2%
???
26.2%
???
26.2%
???
26.2%
???
23.8%
???
23.8%
???
23.8%
???
23.8%
???
23.8%
???
23.8%
???
23.8%
???
23.8%
???
23.8%
???
21.4%
???
21.4%
???
21.4%
???
21.4%
???
21.4%
???
19%
???
16.7%
???
11.9%

You're not logged in!

Compare scores with friends on all Sporcle quizzes.
OR
Log In

From the Vault

African Countries in Alphabetical Order

by eyes355

Here's a hint: Start with 'A'.
Remove Ads.
Support Sporcle.
Get the best of Sporcle when you Go Orange. This ad-free experience offers more features, more stats, and more fun while also helping to support Sporcle. Thank you for becoming a member.

Show Comments

Extras

Created Feb 2, 2017ReportNominate
Tags:Boy Scouts, Merit Badges

Top Quizzes Today


Score Distribution

Your Account Isn't Verified!

In order to create a playlist on Sporcle, you need to verify the email address you used during registration. Go to your Sporcle Settings to finish the process.

Report this User

Report this user for behavior that violates our Community Guidelines.

Details: